|
|
|
|
| LEADER |
03180nam a2200685 i 4500 |
| 001 |
mzk03001272791 |
| 003 |
CZ BrMZK |
| 005 |
20200630092717.0 |
| 007 |
ta |
| 008 |
200629s1725 gw fr|||||00| ||latod |
| 040 |
|
|
|a BOA001
|b cze
|e rda
|
| 044 |
|
|
|a gw
|a au
|
| 072 |
|
7 |
|a 2-23/-27
|x Bible. Biblistika
|2 Konspekt
|9 5
|
| 072 |
|
7 |
|a 094
|x Staré tisky
|2 Konspekt
|9 12
|
| 080 |
|
|
|a 27-27
|2 MRF
|
| 080 |
|
|
|a 2-1
|2 MRF
|
| 080 |
|
|
|a 81’374.2
|2 MRF
|
| 080 |
|
|
|a 025.171
|2 MRF
|
| 080 |
|
|
|a (0.068)094
|2 MRF
|
| 100 |
1 |
|
|a Petrus, Franciscus,
|d 1639-1716
|7 mzk2010575920
|4 aut
|
| 245 |
1 |
0 |
|a A. R. P. PETRI FRANCISCI A CONCEPTIONE BEATAE VIRGINIS, BONONIENSIS, SCHOLARUM PIARUM EX-GENERALIS, POLYGRAPHIA SACRA, SEU ELUCIDARIUM BIBLICUM HISTORICO-MYSTICUM.
|n Littera T
|
| 246 |
3 |
3 |
|a POLYGRAPHIA SACRA
|
| 246 |
3 |
8 |
|a POLYGRAPHIA SACRA LITERA: T. U. X. Z
|
| 264 |
|
1 |
|a Augustae Vindelicorum ;
|a & Graecii :
|b Sumptibus PHILIPPI ;
|b JOANNIS ;
|b & MARTINI VEITH, Fr.,
|c 1725
|
| 300 |
|
|
|a 200 stran ;
|c 2°
|
| 336 |
|
|
|a text
|b txt
|2 rdacontent
|
| 337 |
|
|
|a bez média
|b n
|2 rdamedia
|
| 338 |
|
|
|a svazek
|b nc
|2 rdacarrier
|
| 500 |
|
|
|a Rozsah: 200 s.
|
| 500 |
|
|
|a Výzdoba: Na titulním listu nad impresem ozdobná linka a viněta (výjev Ukřižování s anděly), typografické ozdůbky, vlysy, iniciály, ozdobná linka, text tištěn dvousloupcově
|
| 501 |
|
|
|a Obsahuje přívazek stejného titulu 1. díl
|
| 561 |
|
|
|a Provenience: [m.p.] Monasterij S. Wenceslai Braunae
|
| 561 |
|
|
|a Provenience: [m.p.] Comparavit Reverendissimus Dominus O. A. B. A[nno] 1727
|
| 561 |
|
|
|a Provenience: [razítko] Státní vědecká knihovna Hradec Králové 13468
|
| 563 |
|
|
|a Původní usňová vazba, dřevěné desky potažené vepřovicí s rostlinným, ornamentálním a figurálním slepotiskem v rámcích, postavy s legendami, ořízka barvená červeně, na hřbetě slepotiskový nápisový štítek, dvě funkční kovové spony
|
| 650 |
|
7 |
|a biblistika
|7 ph118873
|2 czenas
|
| 650 |
|
7 |
|a teologie
|7 ph116425
|2 czenas
|
| 650 |
|
7 |
|a výkladové slovníky
|7 ph117287
|2 czenas
|
| 650 |
|
7 |
|a historické knihovní fondy
|7 ph172933
|2 czenas
|
| 655 |
|
7 |
|a staré tisky
|7 fd422076
|2 czenas
|
| 700 |
1 |
|
|a Selleri, Gregorio,
|d 1654-1729
|7 ola2014832590
|4 cns
|
| 856 |
4 |
2 |
|u http://books.google.cz/books?vid=NKP:1003019464-001&printsec=frontcover
|y Digitalizovaný dokument
|z Exemplář z Národní knihovny ČR
|
| 903 |
|
|
|a RP
|
| 910 |
|
|
|a NAG950
|b B - I. E. 4,6
|
| 978 |
|
|
|b Veith, Philipp Jakob
|a Augsburg
|c 1725
|
| 978 |
|
|
|b Veith, Philipp Jakob
|a Graz
|c 1725
|
| 978 |
|
|
|b Veith, Martin
|a Augsburg
|c 1725
|
| 978 |
|
|
|b Veith, Martin
|a Graz
|c 1725
|
| 978 |
|
|
|b Veith, Johann
|a Augsburg
|c 1725
|
| 978 |
|
|
|b Veith, Johann
|a Graz
|c 1725
|
| 981 |
1 |
|
|a Zinke, Otmar Daniel,
|d 1663-1738
|8 1727
|
| 982 |
0 |
|
|a Broumov - benediktinský klášter
|
| 982 |
0 |
|
|a Hradec Králové - SVK
|
| 984 |
|
|
|a Augsburg
|b Německo
|
| 984 |
|
|
|a Štýrský Hradec
|b Rakousko
|
| 985 |
|
|
|a 1701-1750
|
| 990 |
|
|
|a BK
|
| 991 |
|
|
|k broumov
|
| 980 |
|
|
|c 003876
|g B - I. E. 4,6
|1 458950003876
|p I. E. 3
|
| 994 |
|
|
|a DN
|l MZK03
|b 001272793
|m záznam 1. díla (pro objednání pokračujte kliknutím)
|n přívazek
|